Lenguaje y modularidad de la mente (Record no. 71918)

MARC details
000 -CABECERA
campo de control de longitud fija 00622nam a2200229 a 4500
005 - FECHA Y HORA DE LA ÚLTIMA TRANSACCIÓN
campo de control 20210219153238.0
008 - ELEMENTOS DE LONGITUD FIJA--INFORMACIÓN GENERAL
campo de control de longitud fija 991125n 000 0 spa u
035 ## - NÚMERO DE CONTROL DEL SISTEMA
Número de control de sistema UPN01000085458
100 1# - ASIENTO PRINCIPAL--NOMBRE PERSONAL
Nombre de persona Miranda Alonso, Tomás
222 ## - TÍTULO CLAVE
Título clave REVISTA DE PSICOLOGIA GENERAL Y APLICADA
245 ## - MENCIÓN DE TÍTULO
Título Lenguaje y modularidad de la mente
260 ## - PUBLICACIÓN, DISTRIBUCIÓN, ETC.
Lugar de publicación, distribución, etc. Valencia, España
300 ## - DESCRIPCIÓN FÍSICA
Extensión 157-166
362 0# - FECHAS DE PUBLICACIÓN Y/O DESIGNACIÓN SECUENCIAL
Fecha de publicación y/o designación secuencial 1991 Vol. 44, no. 2, abr.
653 0# - TERMINO DE INDIZACION - NO CONTROLADO
Término no controlado ADQUISICION DEL LENGUAJE
653 0# - TERMINO DE INDIZACION - NO CONTROLADO
Término no controlado CHOMSKY, NOAM
653 0# - TERMINO DE INDIZACION - NO CONTROLADO
Término no controlado CONDUCTA
653 0# - TERMINO DE INDIZACION - NO CONTROLADO
Término no controlado LENGUAJE
653 0# - TERMINO DE INDIZACION - NO CONTROLADO
Término no controlado PSICOLINGÜISTICA
904 ## - ELEMENTOS DE DATOS D LOCAL, LDD (RLIN)
a AC
b 023269
905 ## - TIPO DE MATERIAL
Tipo de material Articulo

No items available.